Tabletovanie farmaceutických materiálov

Saved in:
Bibliographic Details
Main Author: Guštafík, Adam (Author)
Other Authors: Peciar, Peter (Thesis advisor)
Format: Manuscript Book
Language:Slovak
Published: 2017
Subjects:
Online Access:http://is.stuba.sk/zp/portal_zp.pl?podrobnosti=136659
Tags: Add Tag
No Tags, Be the first to tag this record!

MARC

LEADER 00000ntm a22000003a 4500
001 stuzp61431
003 SK-STU
005 20170624211232.9
007 ta
008 150427s2015----xo-----f-mn---000-0-slo-d
040 |a STU  |b slo 
041 0 |a slo 
100 1 |a Guštafík, Adam  |u 020040  |4 aut  |U SjF Strojnícka fakulta  |T SjF Ústav procesného inžinierstva  |X 54454  |U J0040  |Y 807  |7 54454 
242 0 1 |a Tabletting process of pharmaceutical materials  |y eng 
245 1 0 |a Tabletovanie farmaceutických materiálov 
260 |c 2017 
650 4 |a rýchlosť lisovania  |2 slo 
650 4 |a Heckelova rovnica  |2 slo 
650 4 |a vplyv vlhkosti  |2 slo 
650 4 |a stlačiteľnosť  |2 slo 
650 4 |a compression speed  |2 eng 
650 4 |a compressibility  |2 eng 
650 4 |a Heckel equation  |2 eng 
650 4 |a effect of moisture content  |2 eng 
700 1 |a Peciar, Peter  |u 020040  |k Z1  |4 ths  |U SjF Strojnícka fakulta  |T SjF Ústav procesného inžinierstva  |X 41013  |U J0040  |Y 807  |7 A000041013 
856 4 |u http://is.stuba.sk/zp/portal_zp.pl?podrobnosti=136659 
996 |b 284J045294  |c J* 2764/BP  |l JJSK  |s A  |a 24  |w stuzp61431_0001